| 000 | 00967cab a2200301 4500 | ||
|---|---|---|---|
| 001 | ABS53658 | ||
| 008 | 090401t1995 xxu||||| |||| 00| 0 eng d | ||
| 035 | _a(Sirsi) u5675 | ||
| 041 | _aeng | ||
| 100 | _aLaw, D. | ||
| 245 | _aWhatever happened to ERP? | ||
| 260 | _c1995 | ||
| 350 | _a0 | ||
| 490 |
_aEstates Gazette _v(9537) 16 September 1995, 164-165(2) |
||
| 520 | _aLooks at the history of the term `estimated realisation price` ERP and the various definitions of it. Considers the future of ERP within the property profession following the introduction of another definition in the new Red Book. | ||
| 650 | _aDEEFINITIONS | ||
| 650 | _aESTIMATED REALISATION PRICE | ||
| 650 | _aNEW RED BOOK | ||
| 650 | _aOPEN MARKET VALUE | ||
| 650 | _aRICS APPRAISAL AND VALUATION MANUAL | ||
| 650 | _aRICS | ||
| 650 | _aVALUERS | ||
| 650 | _aVGN12 | ||
| 690 | _aRATING AND VALUATION | ||
| 700 | _aGershinson, J. | ||
| 942 | _n0 | ||
| 948 | _c04/03/1997 | ||
| 999 |
_c3386 _d3386 |
||